000 00286nam a22001337a 4500
008 170807b xxu||||| |||| 00| 0 eng d
020 _a9780201066739
041 _aeng
080 _22ND
_a004
100 _a33
101 _aSHK
245 _aALGORITHMS
_cSEDGEWICK,R
942 _2udc
_cBK
999 _c22778
_d22778